Statistics for Demonyms of Territories

Click here to take the quiz!

General Stats

  • This quiz has been taken 47 times
    (38 since last reset)
  • The average score is 18 of 37

Answer Stats

Territory Demonym % Correct
ArubaAruban
100%
BermudaBermudian
95%
American SamoaAmerican Samoan
95%
AbkhaziaAbkhazian
84%
AnguillaAnguillan
84%
Cocos IslandsCocos Islander
79%
Puerto RicoPuerto Rican
79%
Cook IslandsCook Island
79%
Christmas IslandChristmas Islander
79%
British Virgin IslandsBritish Virgin Islander
79%
Cayman IslandsCaymanian
74%
PalestinePalestinian
74%
Falkland IslandsFalkland Islander
68%
French PolynesiaFrench Polynesian
68%
Faroe IslandsFaroese
58%
Pitcairn IslandsPitcairn Islander
58%
GreenlandGreenlandic
53%
New CaledoniaNew Caledonian
53%
Isle of ManManx
47%
GuadeloupeGuadeloupian
47%
French GuianaFrench Guianese
42%
Virgin IslandsVirgin Islander
42%
NiueNiuean
42%
GibraltarGibraltarian
42%
St. HelenaSt. Helenian
32%
ReunionReunionese
26%
MontserratMontserratian
26%
Northern MarianasNorthern Marianan
26%
Turks and Caicos IslandsTurks and Caicos Islander
21%
MacauMacanese
21%
GuamGuamanian
16%
MartiniqueMartiniquai
5%
Wallis and FutunaWallisian
5%
St. Pierre and MiquelonSt. Pierrai
0%
South OssetiaSouth Osettan
0%
MayotteMahorais
0%
Western SaharaSahrawis
0%

Score Distribution

Percentile by Number Answered

Percent of People with Each Score

Your Score History

You have not taken this quiz since the last reset